Gaming Quiz

Random Gaming Quiz

Name the Street Fighter 3: Third Strike Characters Quiz Stats

Quiz not verified by Sporcle

Also try: Games by Cufflinks
Challenge
Share
Tweet
Embed
Score 0/20 Timer 05:00
0 Plays Today
% Correct
Ryu
98.7%
Ken
97.3%
Akuma
95.3%
Chun-Li
94%
Oro
93.3%
Q
93.3%
Dudley
92.6%
Yun
92.6%
Yang
92.6%
Ibuki
91.9%
% Correct
Urien
91.9%
Makoto
91.9%
Sean
91.3%
Remy
91.3%
Alex
90.6%
Twelve
90.6%
Necro
89.9%
Hugo
89.9%
Elena
89.3%
Gill
89.3%

You're not logged in!

Compare scores with friends on all Sporcle quizzes.
Sign Up with Email
OR
Log In

You Might Also Like...

Show Comments

Extras

Top Quizzes Today


Score Distribution

Your Account Isn't Verified!

In order to create a playlist on Sporcle, you need to verify the email address you used during registration. Go to your Sporcle Settings to finish the process.

Report this User

Report this user for behavior that violates our Community Guidelines.

Details: